Statistics for CIDE Vocabulary Words

Click here to take the quiz!

General Stats

  • This quiz has been taken 577 times
  • The average score is 8 of 20

Answer Stats

VictimAnswer% Correct
oneselfsuicide
88%
a nation or racegenocide
81%
a personhomicide
75%
one's fatherpatricide
74%
one's mothermatricide
73%
one's babyinfanticide
62%
harmful organismspesticide
55%
one's brotherfratricide
48%
a kingregicide
48%
a goddeicide
43%
weedsherbicide
30%
the environmentecocide
21%
lifebiocide
18%
wormsvermicide
12%
fishpiscicide
10%
one's son or daughterfilicide
8%
one's wifeuxoricide
7%
one's close relativeparricide
6%
one's husbandmariticide
2%
mites and ticksacaricide
1%

Score Distribution

Percentile by Number Answered

Percent of People with Each Score

Your Score History

You have not taken this quiz